Proyeḳṭ Ḥame Negev : ḥomer reḳaʻ le-mafʻil ṿe-shutaf poṭentsiʾali /

Saved in:
Bibliographic Details
Corporate Authors: Ḥevrah ha-kalkalit le-fituaḥ Ramat Negev be-ʻe. m., Ḥevrat Ḥame Negev be-ʻe. m.
Format: Book
Language:Hebrew
Published: Ramat Negev : Ḥevrat Ḥame Negev be-ʻe. m., [1996?]
Subjects:
Tags: Add Tag
No Tags, Be the first to tag this record!
LEADER 00684nam a22001937u 4500
001 007724802-3
005 20020606104010.5
008 850508s1996 is |||| ||||||0||||heb|d
035 0 |a ocm38737808 
110 2 |a Ḥevrah ha-kalkalit le-fituaḥ Ramat Negev be-ʻe. m. 
245 1 0 |a Proyeḳṭ Ḥame Negev :  |b ḥomer reḳaʻ le-mafʻil ṿe-shutaf poṭentsiʾali /  |c Ḥevrat Ḥame Negev be-ʻe. m. 
260 0 |a Ramat Negev :  |b Ḥevrat Ḥame Negev be-ʻe. m.,  |c [1996?] 
300 |a 11 leaves 
610 2 0 |a Ḥevrat Ḥame Negev be-ʻe. m. 
651 0 |a Ramat Negev (Israel) 
710 2 |a Ḥevrat Ḥame Negev be-ʻe. m. 
752 |a Israel  |d Ramat Negev. 
988 |a 20020608 
906 |0 MH